| 000 | 00318nam a22001337a 4500 | ||
|---|---|---|---|
| 020 | _qPB. | ||
| 040 | _cFIZZA ISHAQ | ||
| 082 |
_a624.183 _bADA |
||
| 100 |
_aNEVILLE,M.ADAM. _991258 |
||
| 245 |
_aCONCRETE TECHNOLOGY / _cADAM M.NEVILLE. |
||
| 260 |
_aINDIA ; _bPEARSON, _c2006. |
||
| 300 | _a452 P. ; | ||
| 942 |
_2ddc _cBK |
||
| 999 |
_c589439 _d589439 |
||